| 000 | 00764nam a2200241 a 4500 | ||
|---|---|---|---|
| 005 | 20160708120545.0 | ||
| 008 | 160708b xxu||||| |||| 00| 0 spa d | ||
| 020 | _a929039305 | ||
| 040 |
_aCO-BoIAVH _cCO-BoIAVH |
||
| 041 | _aspa | ||
| 082 |
_a381.4 _bI59c |
||
| 110 | 1 |
_aInstituto Interamericano de Cooperación para la Agricultura _91898 |
|
| 245 | 1 | _aComercio internacional y ambiente en America Latina y el Caribe | |
| 260 |
_aSan Jose _bIICA _bGTZ _c1996 |
||
| 300 | _a120 paginas | ||
| 650 | 1 | 4 |
_aEfectos Ambientales del Comercio _972742 |
| 650 | 1 | 4 |
_aCompetitividad y Comercio internacional _972743 |
| 650 | 1 | 4 |
_aPerspectiva Ambiental _972744 |
| 650 | 1 | 4 |
_aPolíticas _972747 |
| 650 | 1 | 4 |
_aTratados _972746 |
| 942 |
_cLIBRO _2ddc |
||
| 945 | _d2007-05-22 | ||
| 999 |
_c5539 _d5539 |
||